| 000 | 003340000a22001090004500 | ||
|---|---|---|---|
| 245 | 1 | 0 | _aIt´s God´s business part 2 |
| 300 | _a(Octubre 2005), Páginas 3-5 | ||
| 500 | _aLa segunda parte de la entrevista de Peter Hastie con el Profesor Scott Rae. | ||
| 650 | 1 | 4 | _aNEGOCIOS-CRISTIANOS |
| 773 | 0 | _tThe Presbyterian Banner | |
| 942 | _cANA | ||
| 999 |
_c62721 _d62721 |
||